00895nam a22002417a 450000500170000001000130001702000230003003500130005303700160006604000120008208200170009410000260011124501090013726000470024627000470029330000390034065000350037965000330041470000280044794200260047599900190050195201330052020170124110250.0 aB-106246 c525.00a8120321731 aB-106246 bCen Lib/Ret aDPLbEN a72658.5bHAN aHanna, Mark D.998699 aIntegrated operations management : cby Mark D.Hanna [and] W.Rocky Newman badding value for customers / aNew DelhibPrentice Hall of India c2001 bNew DelhiaM-97, Connaught Circus e110001 avarious pagings :c25cm(pbk)bill. aIndustrial management.9110576 aProduction management.96931 aNewman, W.Rocky 998701 2ddccENh72658.5mHAN c135836d135836 001040718REFaLbLd2015-10-08eCen Lib/Retg525.00l0o72658.5 HANpB-106246r2015-10-08 00:00:00t1v525.00w2015-10-08yEN